| 000 | 00568nam a2200217Ia 4500 | ||
|---|---|---|---|
| 003 | OSt | ||
| 005 | 20220928113207.0 | ||
| 006 | a|||||r|||| 00| 0 | ||
| 007 | ta | ||
| 008 | 220927b |||||||| |||| 00| 0 eng d | ||
| 024 | _a29156 | ||
| 037 | _cTextual | ||
| 040 |
_aSDCL _cSDCL _beng |
||
| 041 |
_2eng _aeng |
||
| 082 | _aG11:6-11, M5 | ||
| 245 | 0 | _aINTERNATIONAL SYSTEM for human cytogentic nomenclature(1985). | |
| 260 |
_aBasel _bKarger _c1985 |
||
| 300 |
_avi,117p _ccm. |
||
| 942 |
_hG11:6-11, M5 _cTEXL _2CC |
||
| 999 |
_c748478 _d748478 |
||